000 00392nam a2200181Ia 4500
008 210210b1953 xxu||||| |||| 00| 0 eng d
041 _aeng
082 _a822/1210
100 _aTHOMAS (W B)
245 _aDare to be free
260 _aLondon
_bNot Mentioned
_c1953
650 _ato
650 _afree
650 _aDare
650 _abe
690 _aEnglish Prose
906 _a013392
999 _c132257
_d132257